Aktualʹnye problemy teorii i istorii bibliofilʹstva : materialy VI Mezhdunarodnoĭ nauchnoĭ konferent︠s︡ii /

Disimpan dalam:
Butiran Bibliografi
Pengarang Korporat: Mezhdunarodnai︠a︡ nauchnai︠a︡ konferent︠s︡ii︠a︡ "Aktualʹnye problemy teorii i istorii bibliofilʹstva" Sankt-Peterburg, Russia)
Pengarang-pengarang Lain: Petrit︠s︡kiĭ, V. A.
Format: Buku
Bahasa:Russian
Diterbitkan: Sankt-Peterburg : Izd-vo Rossiĭskoĭ nat︠s︡ionalʹnoĭ biblioteki, 1997.
Subjek-subjek:
Penanda-penanda: Tambah Penanda
Tiada Penanda, Jadilah orang pertama menanda rekod ini!
LEADER 01450nam a2200277Ma 4500
001 007714702-2
005 20020606104010.5
008 950216s1997 ru b 101 0 rusod
020 |a 5719609911 
035 0 |a ocm39706748 
035 0 |a ocm37943385 
040 |a ZCU  |c ZCU  |d HLS 
050 4 |a Z987.5.R9  |b .M49 1997 
111 2 |a Mezhdunarodnai︠a︡ nauchnai︠a︡ konferent︠s︡ii︠a︡ "Aktualʹnye problemy teorii i istorii bibliofilʹstva"  |n (6th :  |d 1997 :  |c Sankt-Peterburg, Russia) 
245 1 0 |a Aktualʹnye problemy teorii i istorii bibliofilʹstva :  |b materialy VI Mezhdunarodnoĭ nauchnoĭ konferent︠s︡ii /  |c [sostavitelʹ i otvetstvennyĭ redaktor V.A. Petrit︠s︡kiĭ]. 
260 |a Sankt-Peterburg :  |b Izd-vo Rossiĭskoĭ nat︠s︡ionalʹnoĭ biblioteki,  |c 1997. 
300 |a 103 p. :  |b ill. ;  |c 21 cm. 
500 |a At head of title: Nauchnyĭ sovet po istorii mirovoĭ kulʹtury RAN. Rossiĭskai︠a︡ nat︠s︡ionalʹnai︠a︡ biblioteka. Vserossiĭskai︠a︡ Assot︠s︡iat︠s︡ii︠a︡ bibliofilov. Sekt︠s︡ii︠a︡ knigi i grafiki Sankt-Peterburgskogo Doma uchenykh RAN. 
500 |a Includes bibliographical references. 
500 |a Limited ed., 300 cop. 
650 0 |a Book collecting  |z Russia (Federation)  |x History  |v Congresses. 
650 0 |a Book collectors  |z Russia (Federation)  |v Congresses. 
650 0 |a Private libraries  |v Congresses. 
700 1 |a Petrit︠s︡kiĭ, V. A. 
988 |a 20020608 
906 |0 OCLC